000 00401nam a2200121Ia 4500
008 220615s9999||||xx |||||||||||||| ||und||
100 _aMahmut &#199||kan||ali&#351
245 0 _aGenetic Diversity in Plants
546 _aEnglish[eng]
650 _aLife Sciences||Plant Biology||Ecosystem||Environmental Sciences
856 _uhttps://www.intechopen.com/books/genetic-diversity-in-plants
942 _cEB
999 _c13526
_d13526